| 000 | 00433nam a2200205Ia 4500 | ||
|---|---|---|---|
| 001 | 13415 | ||
| 003 | GE_BSU | ||
| 008 | 181216s||||||||xx |||||||||||||| ||und|| | ||
| 020 | _a9780140321777 | ||
| 040 | _cGE_BSU | ||
| 080 | _a82-93 | ||
| 100 | _aKing-Smith,Dick | ||
| 245 | _aSaddlebottom | ||
| 260 | _aLondon | ||
| 260 | _bPuffin Books | ||
| 260 | _c1985 | ||
| 300 | _a120p.ill.17cm. | ||
| 653 | _aSaddlebottom | ||
| 942 | _cBK | ||
| 999 |
_c46576 _d46576 |
||